Vegyes

Elmentve itt :
Bibliográfiai részletek
Szerzők: Karl Lajos
Angyal János
Dokumentumtípus: Cikk
Megjelent: 1918
Sorozat:Magyar pedagógia : a Magyar Tudományos Akadémia Pedagógiai Bizottságának folyóirata 27
Kulcsszavak:Neveléselmélet, Közegészségügy
Online Access:http://misc.bibl.u-szeged.hu/9948
LEADER 00657nab a2200193 i 4500
001 misc9948
005 20191106143354.0
008 170607s1918 hu o 0|| hun d
022 |a 0025-0260 
040 |a SZTE Miscellanea Repozitórium  |b hun 
041 |a hun 
100 1 |a Karl Lajos 
245 1 0 |a Vegyes  |h [elektronikus dokumentum] /  |c  Karl Lajos 
260 |c 1918 
300 |a 468-470 
490 0 |a Magyar pedagógia : a Magyar Tudományos Akadémia Pedagógiai Bizottságának folyóirata  |v 27 
695 |a Neveléselmélet, Közegészségügy 
700 0 1 |a Angyal János  |e aut 
856 4 0 |u http://misc.bibl.u-szeged.hu/9948/1/mp_1918_468-470.pdf  |z Dokumentum-elérés